| 000 | 00538nam a2200181Ia 4500 | ||
|---|---|---|---|
| 008 | 090123s9999 xx 000 0 und d | ||
| 082 |
_b39546 _a891.463/भागवत |
||
| 100 | _aभागवत मधुराणी | ||
| 245 | _aफुलोरा | ||
| 250 | _a0 | ||
| 260 |
_bपायल प्रकाशन _c2006 |
||
| 300 | _a176 | ||
| 600 | _aभागवत मधुराणी | ||
| 630 | _aफुलोरा | ||
| 700 | _aभागवत मधुराणी | ||
| 730 | _aफुलोरा | ||
| 942 | _cBOOK | ||
| 999 |
_c77616 _d77616 |
||